000 00850cam a22002297a 4500
999 _c35568
_d35568
001 14425953
005 20221115104253.0
008 060623s2007 enka b 001 0 eng d
020 _a9780387345345x
041 _aeng
080 _a517 S-68
100 1 _aSmall, Christopher G.
_9696
245 1 0 _aFunctional equations and how to solve them /
_cChristopher G. Small.
264 _aNew York, NY :
_bSpringer,
_c2007.
300 _a129 p. :
_bill. ;
_c24 cm.
650 0 _aFunctional equations.
_9698
653 _aმათემატიკა
653 _aფუნქციური განტოლებები
856 4 2 _3Publisher description
_uhttp://www.loc.gov/catdir/enhancements/fy0825/2006929872-d.html
856 4 1 _3Table of contents only
_uhttp://www.loc.gov/catdir/enhancements/fy0825/2006929872-t.html
942 _2udc
_cBK